| 000 | 00668nam a2200181Ia 4500 | ||
|---|---|---|---|
| 008 | 090630s9999 xx 000 0 und d | ||
| 082 | _b27970 | ||
| 100 | _aदवणे प्रविण. | ||
| 245 |
_aश्रीयुत सामान्य माणूस. _cदवणे प्रविण. |
||
| 260 |
_bमंजुल - पुणे. _c2007 |
||
| 300 | _a59 | ||
| 600 | _aदवणे प्रविण. | ||
| 630 | _aश्रीयुत सामान्य माणूस. | ||
| 655 | _aनाटक. | ||
| 700 | _aदवणे प्रविण. | ||
| 730 | _aश्रीयुत सामान्य माणूस. | ||
| 942 | _cBOOK | ||
| 999 |
_c279826 _d279826 |
||